|
|
|
|
| LEADER |
03948nam a2200457 i 4500 |
| 001 |
mzk03001282314 |
| 003 |
CZ BrMZK |
| 005 |
20240124101942.0 |
| 007 |
ta |
| 008 |
221101s1759 xr a fr|||||00| ||czeod |
| 040 |
|
|
|a BOA001
|b cze
|e rda
|
| 072 |
|
7 |
|a 094
|x Staré tisky
|2 Konspekt
|9 12
|
| 080 |
|
|
|a (0.068)094
|2 MRF
|
| 130 |
0 |
|
|a Artikule sněmu Českého království.
|l Česky
|
| 245 |
1 |
0 |
|a Cžlánky wsseobecného Sněmownjho Snessenj, genž na Králowském Hradu Pražském Dne 21ho Měsýce Srpna 1758ho přednessený, a Dne 6ho Zářj tohoto běžjcýho Roku v Přitomnosti Wysoce Vrozeného Pána, Pana Karla Gotharda Ssaffgotss nezwaného, Swaté Ržjmské Ržjsse Hraběte, a wždy swobodného na Kynastu, swobodného Pána z Trachenbergku, dědičného Pána Panstwj Kynast, Greiffenstagn, a Giersdorffu, Pána na Bober-Röhrsdorffu [et]c. [et]c., Gegj Ržjmské Cýsařské, w Germánygi, Vherské a Cžeské Králowské Aposstolské Milosti Skutečné Tegné Raddy, Komornjka, a Negwyšssýho Zemského Komornjka w Králowstwj Cžeském; Též Wysoce Vrozeného Pána, Pana Frantisska Adama Swaté Ržjmské Ržjsse Hraběte z Ssternberku, Pána na Žerowicých a Počátkách, Sw. Wácslawa Rytjře, Gegj Ržjmské Cýsařské, w Germánygi, Vherské a Cžeské Králowské Aposstolské Milosti Skutečné Tegné Raddy, Komornjka, Wysoce Slawného Králowského Shromážděnj Pánů Negwyšssých Vředlnjků Zemských, w Králowstwj Cžeském Přjsedjcýho; Neméně Vrozeného a Statečného Rytjře, Pana Arnossta Malowce z Chegnow, a Winterberku, Pána na Skalicy, Bohumelicy, a Kuňowicých, Swatého Wácslawa Rytjře, Gegj Ržjmské Cýsařské, w Germánygi, Vherské a Cžeské Králowské Aposstolské Milosti Repraesentacy a Komory Raddy, Podkomořjho Zemského w Králowstwj Cžeském, Wysoce Slawného Cýsařského Králowského Shromážděnj Pánů Negwyšssých Vředlnjků Zemských, a Saudu Wětssýho Zemskýho Přjsedjcýho, gakožto k tomuto Wsseobecnému Sněmu zřjzených Wysoce Wznessených Cýsařských Králowských Komisařů od wssech Cžtyr Stawů tohoto Králowstwj Cžeského zawřene a wyhlássene byli. Jozeff Jáchym Wančura, Pán z Ržehnic, ... Nejwyšssý Pjsař w Králowstwj Cžeském
|
| 246 |
3 |
3 |
|a Články všeobecného sněmovního snešení ...
|
| 264 |
|
1 |
|a Wytisstěný, a k Dostánj w Králowském Starém Městě Pražském :
|b v Frantisska Hynka Kyrchnera, Králowského Dworského Ympressora w Králowstwj Cžeském,
|c 1759
|
| 300 |
|
|
|a XXVIII stran , 4 nečíslované strany, 1 nečíslovaná příloha ;
|c 4° (21 cm)
|
| 336 |
|
|
|a text
|b txt
|2 rdacontent
|
| 337 |
|
|
|a bez média
|b n
|2 rdamedia
|
| 338 |
|
|
|a svazek
|b nc
|2 rdacarrier
|
| 500 |
|
|
|a Výzdoba: Dřevořez a mědiryty (znaky), vlys, linky z tiskařských ozdůbek, iniciály, viněta, složená typografická příloha
|
| 500 |
|
|
|a Nečitelné razítko na titulu
|
| 510 |
4 |
|
|a Knihopis,
|c K00534
|u https://aleph.nkp.cz/F/?func=direct&doc_number=000003165&local_base=KPS
|
| 561 |
|
|
|a Provenience: [razítko] BIBLIOTHECAE STRAHOVIENSIS
|5 CZ-BrMZK
|
| 561 |
|
|
|a Provenience: [Jaroslav Vobr, Brno]
|5 CZ-BrMZK
|
| 563 |
|
|
|a Obálka z mramorovaného papíru
|5 CZ-BrMZK
|
| 655 |
|
7 |
|a staré tisky
|7 fd422076
|2 czenas
|
| 700 |
1 |
|
|a Vančura z Řehnic, Jan Josef Jáchym,
|d 1692-1771
|7 pna20221167285
|4 oth
|
| 856 |
4 |
2 |
|u http://books.google.cz/books?vid=NKP:1002290387&printsec=frontcover
|y Digitalizovaný dokument
|z exemplář Národní knihovny ČR, sign. 54 C 000152/1758-1759
|
| 903 |
|
|
|a RP
|
| 910 |
|
|
|a BOA001
|b V2-0000.845
|
| 978 |
|
|
|b Kirchner, František Ignác
|a Praha
|c 1759
|
| 981 |
1 |
|
|a Vobr, Jaroslav,
|d 1939-2013
|7 jk01150194
|
| 982 |
2 |
|
|a Strahovský klášter
|7 ko2002101553
|
| 984 |
|
|
|a Praha
|b Česko
|
| 985 |
|
|
|a 1751-1800
|
| 990 |
|
|
|a BK
|
| 993 |
|
|
|a Y
|
| 991 |
|
|
|k mzk
|
| 996 |
6 |
|
|b 2610959830
|c V2-0000.845
|l stud. ST
|r Sklad / do násl. otevíracího dne
|n 0
|p dar
|w 001951668
|u 000010
|a 1
|e BOA001
|s P
|